(Record no. 186228)
[ view plain ]
| 000 -CABECERA | |
|---|---|
| campo de control de longitud fija | 01003nam a2200229Ia 4500 |
| 001 - NÚMERO DE CONTROL | |
| campo de control | IA_6477,03/04/2017,03/04/2017,5232372017 mx mndl8223123322spa16," |
| 008 - DATOS DE LONGITUD FIJA--INFORMACIÓN GENERAL | |
| campo de control de longitud fija | 220117salie xx 000 0 und d |
| 010 ## - NÚMERO DE CONTROL DE LA BIBLIOTECA DEL CONGRESO | |
| Número de control de LC | 186228 |
| 090 ## - LOCALMENTE ASIGNADO TIPO-LC NÚMERO DE CLASIFICACIÓN (OCLC); NÚMERO DE CLASIFICACIÓN LOCAL (RLIN) | |
| Número de clasificación (OCLC) (R) ; Numero de clasificación, CALL (RLIN) (NR) | T.C.742 E87 IA 2017 |
| 100 ## - ENTRADA PRINCIPAL--NOMBRE DE PERSONA | |
| Nombre de persona | Espejel Zaragoza |
| 9 (RLIN) | 155018 |
| 260 ## - PUBLICACIÓN, DISTRIBUCIÓN, ETC. | |
| Lugar de publicación, distribución, etc. | México : |
| Nombre del editor, distribuidor, etc. | El autor, |
| Fecha de publicación, distribución, etc. | alie |
| 300 ## - DESCRIPCIÓN FÍSICA | |
| Extensión | 277 h. |
| 500 ## - NOTA GENERAL | |
| Nota general | El CD contiene reporte |
| 502 ## - NOTA DE TESIS | |
| Nota de tesis | Viaje de Estuidos (IA) -- UACh. Departamento de Ingeniería Agroindustrial |
| 901 ## - ELEMENTOS DE DATOS A LOCAL LDA (RLIN) | |
| a | S.A. de C.V. \ 4. Centro de Servicio Integral para el Desarrollo de las Ganaderías Altas Norte |
| 902 ## - ELEMENTOS DE DATOS B LOCAL, LDB (RLIN) | |
| a | S. de P. R. de R. L. \ 5. Apiarios FAMA |
| 903 ## - ELEMENTOS DE DATOS C LOCAL, LDC (RLIN) | |
| a | S. R. M. I. de C. V. \ 6. AGROIN |
| 904 ## - ELEMENTOS DE DATOS D LOCAL, LDD (RLIN) | |
| a | alie |
| 942 ## - ELEMENTOS DE PUNTO DE ACCESO ADICIONAL (KOHA) | |
| Tipo de ítem Koha | |
No items available.
